000 00755nam a22002297a 4500
003 BCEG
005 20260325134724.0
008 260325s2006 mx |||||||||||||||||spa d
020 _a9707017015
040 _aBCEG
_bspa
_cBCEG
082 _a972.620496
_bM938m
100 1 _aMoya Palencia, Mario,
_d1933-2006.
245 1 0 _aMadre África
_b: presencia del África negra en el México y Veracruz antiguos.
260 _aMéxico :
_bMiguel Ángel Porrúa,
_c2006.
300 _a332 p. :
_bfot.
504 _aIncluye bibliografía.
541 _aCompra.
650 1 4 _aIndios de México
_zVeracruz (México)
_xInfluencia africana.
650 1 4 _aAfrodescendientes
_xHistoria
_zMéxico.
650 1 4 _aNegros
_zVeracruz
_xVida social y costumbres.
942 _cBK
999 _c437136
_d437136